00657nam a2200205Ia 4500003000900000008004100009020001800050040001600068080002400084245011300108250001300221260005000234300001400284490004100298650002100339650002300360650001500383700002600398700002700424IN-BaIIA211028s9999 xx 000 0 eng d a1-56396-943-2 cIIA Library a524.352(082.2)bCOS 0aCosmic explosionscedited by Stephen S. Holt and William W. Zhang  a10th ed. aNew YorkbAmerican Institute of Physicsc2000 acx, 487p. aAIP conference proceedings; vol. 522 aGamma ray bursts aStellar explosions aSupernovae aHolt, Stephen S., ed. aZhang, William W., ed.